All Sheffield United Premier League Players Ever - Statistics

General Stats
  • This quiz has been taken 14 times
  • The average score is 51 of 138
Answer Stats
% Correct
2019/20 Scotland John Fleck 30
83%
2020/21 Scotland John Fleck 31
83%
2019/20 Scotland Oliver McBurnie 36
83%
2020/21 Scotland Oliver McBurnie 23
83%
2020/21 England Aaron Ramsdale 38
75%
2019/20 Ireland John Egan 36
75%
2020/21 Ireland John Egan 31
75%
2019/20 France Lys Mousset 30
75%
2020/21 France Lys Mousset 11
75%
2006/07 England Phil Jagielka 38
75%
2019/20 England Phil Jagielka 6
75%
2020/21 England Phil Jagielka 10
75%
2019/20 Norway Sander Berge 14
75%
2020/21 Norway Sander Berge 15
75%
2019/20 England Billy Sharp 25
67%
2020/21 England Billy Sharp 16
67%
1992/93 England Brian Deane 41
67%
2019/20 England Dean Henderson 36
67%
2019/20 England John Lundstram 34
67%
2020/21 England John Lundstram 28
67%
2019/20 England Chris Basham 38
58%
2020/21 England Chris Basham 31
58%
2006/07 Turkey Colin Kazim-Richards 27
58%
2019/20 Ireland Enda Stevens 38
58%
2020/21 Ireland Enda Stevens 30
58%
2019/20 Bosnia & Herzegovina Muhamed Besic 9
58%
2019/20 Northern Ireland Oliver Norwood 38
58%
2020/21 Northern Ireland Oliver Norwood 32
58%
1992/93 Ireland Alan Kelly 33
50%
1993/94 Ireland Alan Kelly 30
50%
2006/07 Ireland Alan Quinn 19
50%
2006/07 Scotland Chris Armstrong 27
50%
2006/07 England Chris Morgan 24
50%
2019/20 Ireland David McGoldrick 28
50%
2020/21 Ireland David McGoldrick 35
50%
2019/20 Greece George Baldock 38
50%
2020/21 Greece George Baldock 32
50%
2020/21 Senegal Iliman Ndiaye 1
50%
2019/20 England Jack O'Connell 33
50%
2020/21 England Jack O'Connell 2
50%
2020/21 England Jayden Bogle 16
50%
2006/07 Ireland Paddy Kenny 34
50%
2020/21 England Rhian Brewster 27
50%
2006/07 Ireland Stephen Quinn 15
50%
2019/20 England Ben Osborn 13
42%
2020/21 England Ben Osborn 24
42%
2019/20 Ireland Callum Robinson 16
42%
2006/07 Jamaica Claude Davis 21
42%
2020/21 England Daniel Jebbison 4
42%
2019/20 England Jack Robinson 6
42%
2020/21 England Jack Robinson 11
42%
1992/93 England John Pemberton 19
42%
1993/94 England John Pemberton 8
42%
2020/21 England Max Lowe 8
42%
2019/20 England Simon Moore 2
42%
1992/93 England Simon Tracey 10
42%
1993/94 England Simon Tracey 15
42%
1992/93 England Adrian Littlejohn 27
33%
1993/94 England Adrian Littlejohn 19
33%
1992/93 England Brian Gayle 31
33%
1993/94 England Brian Gayle 13
33%
2006/07 France Christian Nade 25
33%
1992/93 England Dane Whitehouse 14
33%
1993/94 England Dane Whitehouse 38
33%
1992/93 England Dave Barnes 13
33%
1993/94 England Dave Barnes 2
33%
2006/07 Ireland Derek Geary 26
33%
2020/21 Wales Ethan Ampadu 25
33%
1993/94 Norway Jostein Flo 33
33%
2006/07 Northern Ireland Keith Gillespie 31
33%
2019/20 England Leon Clarke 2
33%
2006/07 England Michael Tonge 27
33%
1992/93 England Mitch Ward 26
33%
1993/94 England Mitch Ward 22
33%
2006/07 Scotland Nick Montgomery 26
33%
2020/21 Scotland Oliver Burke 25
33%
1992/93 England Paul Beesley 39
33%
1993/94 England Paul Beesley 25
33%
2006/07 Barbados Paul Ifill 3
33%
2006/07 England Robert Hulse 29
33%
2006/07 Egypt Ahmed Fathy 3
25%
1992/93 England Alan Cork 27
25%
1993/94 England Alan Cork 19
25%
2020/21 England Antwoine Hackford 1
25%
1993/94 England Bobby Davison 9
25%
2006/07 England David Unsworth 5
25%
1992/93 Wales Glyn Hodges 31
25%
1993/94 Wales Glyn Hodges 31
25%
2019/20 England Jack Rodwell 1
25%
1992/93 England John Gannon 27
25%
1993/94 England John Gannon 14
25%
2019/20 Wales Kieron Freeman 2
25%
2019/20 England Luke Freeman 11
25%
2006/07 Antigua & Barbuda Mikele Leigertwood 19
25%
1993/94 Wales Nathan Blake 12
25%
1992/93 England Paul Rogers 27
25%
1993/94 England Paul Rogers 25
25%
2006/07 England Alan Wright 1
17%
1992/93 England Andrew Scott 2
17%
1993/94 England Andrew Scott 15
17%
1992/93 England Carl Bradshaw 32
17%
1993/94 England Carl Bradshaw 40
17%
1992/93 England Charlie Hartfield 17
17%
1993/94 England Charlie Hartfield 5
17%
1992/93 England Chris Kamara 8
17%
1993/94 England Chris Kamara 16
17%
2006/07 England Chris Lucketti 8
17%
2006/07 England Danny Webber 22
17%
2006/07 France David Sommeil 5
17%
2020/21 England Femi Seriki 1
17%
1992/93 England Franz Carr 8
17%
1993/94 England Franz Carr 10
17%
2006/07 England Ian Bennett 2
17%
1992/93 Scotland Ian Bryson 16
17%
1993/94 Sweden Jonas Wirmola 8
17%
2020/21 England Kean Bryan 13
17%
2006/07 England Leigh Bromby 17
17%
2006/07 England Matthew Kilgallon 6
17%
1992/93 England Michael Lake 6
17%
2006/07 England Nicky Law 4
17%
2006/07 England Paul Gerrard 2
17%
2019/20 Curacao Richairo Zivkovic 5
17%
2006/07 England Robert Kozluk 19
17%
1993/94 Norway Roger Nilsen 22
17%
2006/07 England Steve Kabba 7
17%
1992/93 Scotland Tom Cowan 21
17%
1993/94 Scotland Tom Cowan 4
17%
2006/07 Nigeria Ade Akinbiyi 3
8%
1992/93 England Alan McLeary 3
8%
1993/94 England David Tuttle 31
8%
1992/93 England Jamie Hoyland 22
8%
1993/94 England Jamie Hoyland 18
8%
2006/07 England Jon Stead 14
8%
1992/93 England Kevin Gage 27
8%
1993/94 England Kevin Gage 21
8%
2006/07 Jamaica Luton Shelton 4
8%
2019/20 Jamaica Ravel Morrison 1
8%
1993/94 Scotland Willie Falconer 23
8%
No matching quizzes found
Score Distribution
Percent of People with Each Score
Percentile by Number Answered
Your Score History
You have not taken this quiz